000 00620cam a22002291 4500
001 ca 34000223
003 DLC
005 20260227111130.0
008 770613s1934 xx 000 0 eng
010 _aca 34000223
035 _a(OCoLC)3037298
040 _aDLC
_cTxU
_dDLC
042 _apremarc
050 0 0 _aPS3531.Y45
_bT7 1934
082 _a812.5
100 1 _aPyle, Mary Thurman.
245 1 4 _aThe trip;
_ba play in one act,
_cMary Thurman Pyle.
260 _aBoston,
_bWalter H. Baker Company
_c[c1934]
300 _a27p.
_c19cm.
490 0 _aBaker's edition of plays
500 _aBaker's all star series.
999 _c17253
_d17253